Soviet Legal Theory : (Record no. 619352)

MARC details
000 -LEADER
fixed length control field 00494nam a2200193 a 4500
008 - FIXED-LENGTH DATA ELEMENTS--GENERAL INFORMATION
fixed length control field 260416s1998##################000#0#eng##
020 ## - INTERNATIONAL STANDARD BOOK NUMBER
ISBN 9780415178150
082 04 - DEWEY DECIMAL CLASSIFICATION NUMBER
Classification number 347.0947
Item number SCH
100 1# - MAIN ENTRY--AUTHOR NAME
Personal name Schlesinger, Rudolf,
245 10 - TITLE STATEMENT
Title Soviet Legal Theory :
260 ## - PUBLICATION, DISTRIBUTION, ETC. (IMPRINT)
Name of publisher Taylor & Francis US,
Year of publication 1998.
300 ## - PHYSICAL DESCRIPTION
Number of Pages 330 pages
650 #0 - SUBJECT ADDED ENTRY--TOPICAL TERM
Topical Term Law.
942 ## - ADDED ENTRY ELEMENTS (KOHA)
Koha item type English Books
Holdings
Withdrawn status Lost status Damaged status Not for loan Home library Current library Shelving location Date acquired Full call number Accession Number Price effective from Koha item type
        Anna Centenary Library Anna Centenary Library 4TH FLOOR, A WING 16.04.2026 347.0947 SCH 180785 16.04.2026 English Books

Find us on the map